Регионална библиотека "Любен Каравелов" - Русе

Съд (Запис номер 380834)

MARC детайли
000 -Лидер
Контролно поле с фиксирана дължина 01118nam a2200325 c 4500
003 - Код на организацията, давaща контролен номер
Контролно поле BLK
005 - Дата и час на последна редакция
Контролно поле 20200810111155.0
008 - Елементи от данни с фиксирана дължина
fixed length control field 200311b bul|||||r ||||||| ||bul||
040 ## - Източник на каталожния запис
Идентификатор на билиотеката - собственик на записа BLK
041 ## - Код за език
Код за езика на текст/звукозапис или на отделно заглавие Български
Код за езика КДБФ Български
080 ## - УДК
Текстов определител УДК Българска литература
УДК код - определител по УДК 821.163.2
УДК определител -32
УДК - код + определител 821.163.2-32
100 1# - Редна дума - Автор
Автор Михайлов, Радослав
Авторска отговорност Първи автор
R(LIN) 425663
139 ## - Редно поле
Редна дума Михайлов, Радослав Вангелов
245 10 - Сведения за заглавието
Заглавие Съд
Подзаглавни данни Повест
Редно поле (дума) Радослав Михайлов; Радослав Вангелов Михайлов.
257 ## - Страна на издаване
Страна на създаване/издаване България
260 ## - Област на издателските данни
Място на издаване, разпространение и проч. София
Име на издателя, разпространителя и проч. Нар. младеж
Година на издаване 1967
300 ## - Физическа характеристика
Страници 200 с.
Размери/Мащаб 18 см
380 ## - Жанр
Жанр Худож. лит.
500 ## - Общи забележки
Забележка 7 100 тир. 0,43 лв.
700 1# - Други автори (авторска отговорност)
Лично име Михайлов, Радослав Вангелов
9 (RLIN) 425664
852 ## - Местоположение
Форматна сигнатура Цб І 9554
Фондова буква Хранилище
999 ## - СИСТЕМНИ КОНТРОЛНИ НОМЕРА
Koha biblionumber 380834
Koha biblioitemnumber 380834
942 ## - АРТИКУЛИ
Вид на библиотечния материал Книги
Скрит в OPAC Не
Периодичен библиозапис Да
944 ## - СЪЗДАВАНЕ И РЕДАКЦИЯ на ЗАПИСА
Създаване/Редакция Създаване
Дата на регистрацията/редакция 2020-08-10
Служител, извършил регистрацията/редакцията Микаела Микова - Илиева
999 ## - СИСТЕМНИ КОНТРОЛНИ НОМЕРА
Koha biblioitemnumber 374323
Наличности
Код за отписване Код за изгубен артикул Източник на класификационната схема Код за повреда Коз за рестрикции Код за отдаване Артикулен № Име на библиотеката - собственик Име на библиотеката, в която се намира в момента Статус (Текущо местоположение) Дата на вписване в системата Местоположение - отдел Цена в лева Инвентарен номер Систематично азбучна сигнатура Баркод Цена в евро Служебен тип на артикула
  Не е изгубен Universal Decimal Classification Не е повреден само за читалня ползва се в читалня 791113 Регионална библиотека "Любен Каравелов" Русе Регионална библиотека "Любен Каравелов" Русе Хранилище 2020-08-14 Хранилище 0.43 17066/67 Цб I 9554 900000029973 0.22 Книги
Vip Innovations Ltd, Rousse, Bulgaria 2025